书目信息 |
| 题名: |
秦汉魏晋篆隶字形表
|
|
| 作者: | 徐无闻 主编 ;汉语大字典字形组 编 | |
| 分册: | 上 | |
| 出版信息: | 北京 中华书局 2019 |
|
| 页数: | 1090页 | |
| 开本: | 26cm | |
| 丛书名: | ||
| 单 册: | ||
| 中图分类: | H123 | |
| 科图分类: | ||
| 主题词: | 篆书--zhuan shu--字形--中国--古代 , 隶书--li shu--字形--中国--古代 | |
| 电子资源: | ||
| ISBN: | 978-7-101-13900-6 | |
| 000 | 01465nam0 2200253 450 | |
| 001 | 011029202427 | |
| 005 | 20211031085024.40 | |
| 010 | @a978-7-101-13900-6@b精装@dCNY280.00(全2册560.00) | |
| 100 | @a20200408d2019 em y0chiy50 ea | |
| 101 | 0 | @achi |
| 102 | @aCN@b110000 | |
| 105 | @ay z 000yy | |
| 106 | @ar | |
| 200 | 1 | @a秦汉魏晋篆隶字形表@Aqin han wei jin zhuan li zi xing biao@h上@f徐无闻主编@g汉语大字典字形组编 |
| 210 | @a北京@c中华书局@d2019 | |
| 215 | @a1090页@d26cm | |
| 330 | @a《秦汉魏晋篆隶字形表》为书法篆刻名家徐无闻先生主编,是《汉语古文字字形表》的姊妹篇。我们知道,秦以前流传下来的篆文体系的文字,我们称之为古文字;我们今天通行的正体字称为楷书,是从魏晋南北朝开始发展,到隋唐时繁荣极盛。秦汉魏晋是小篆和隶书盛行的时期,也是汉字从古文字发展演变为今天通行正体字的关键时期。本书较为全面地收录了从秦代至西晋的篆书和隶书字形,字形材料来自帛书、竹简、木牍、碑刻以及铜器、玺印、砖瓦等器物,清晰地反映了汉字从秦代开始定型之初到西晋的历史演变轨迹,使读者对楷书形成的过程一目了然,可为了解文字演变、临习书法、从事篆刻等的案头工具书。本书于上世纪80年代时编定,偶有疏失之处,裘锡圭先生曾撰写《秦汉魏晋篆隶字形表读后记》一文,作了系统的订正,此次出版,附录于后,以便参考。 | |
| 606 | 0 | @a篆书@Azhuan shu@x字形@y中国@z古代 |
| 606 | 0 | @a隶书@Ali shu@x字形@y中国@z古代 |
| 690 | @aH123@v5 | |
| 701 | 0 | @a徐无闻@Axu wu wen@4主编 |
| 712 | 02 | @a汉语大字典字形组@Ahan yu da zi dian zi xing zu@4编 |
| 801 | 0 | @aCN@b百万庄@c20211029 |
| 905 | @b1312633-34@dH123@e220:1@f2 | |
| 秦汉魏晋篆隶字形表.上/徐无闻主编/汉语大字典字形组编.-北京:中华书局,2019 |
| 1090页;26cm |
| ISBN 978-7-101-13900-6(精装):CNY280.00(全2册560.00) |
| 《秦汉魏晋篆隶字形表》为书法篆刻名家徐无闻先生主编,是《汉语古文字字形表》的姊妹篇。我们知道,秦以前流传下来的篆文体系的文字,我们称之为古文字;我们今天通行的正体字称为楷书,是从魏晋南北朝开始发展,到隋唐时繁荣极盛。秦汉魏晋是小篆和隶书盛行的时期,也是汉字从古文字发展演变为今天通行正体字的关键时期。本书较为全面地收录了从秦代至西晋的篆书和隶书字形,字形材料来自帛书、竹简、木牍、碑刻以及铜器、玺印、砖瓦等器物,清晰地反映了汉字从秦代开始定型之初到西晋的历史演变轨迹,使读者对楷书形成的过程一目了然,可为了解文字演变、临习书法、从事篆刻等的案头工具书。本书于上世纪80年代时编定,偶有疏失之处,裘锡圭先生曾撰写《秦汉魏晋篆隶字形表读后记》一文,作了系统的订正,此次出版,附录于后,以便参考。 |
| ● |
| 相关链接 |
|
|
|
|
正题名:秦汉魏晋篆隶字形表
索取号:H123/220:1
 
预约/预借
| 序号 | 登录号 | 条形码 | 馆藏地/架位号 | 状态 | 备注 |
| 1 | 1312633 | 213126339 | 第二样本阅览室/ [索取号:H123/220:1] | 在馆 | |
| 2 | 1312634 | 213126348 | 第四借阅区/ [索取号:H123/220:1] | 在馆 |